000 00619nam a2200169Ia 4500
008 100122s9999 xx 000 0 und d
082 _b69839
_a823.5
100 _aपरांजपे कृ भा
245 _aघुसमटलेली पृथ्वी - JP
260 _bमनोरमा प्रकाशन
_c2006
300 _a146
520 _aविज्ञान कादंबरी
620 _aविज्ञान कादंबरी
630 _aघुसमटलेली पृथ्वी - JP
730 _aघुसमटलेली पृथ्वी - JP
942 _cBOOK
999 _c440996
_d440993